000 00359nam a22001457a 4500
008 230907b ||||| |||| 00| 0 eng d
020 _a9780393029321
041 _aeng
080 _2FIRST EDITION
_a030
082 _a030WES
100 _a40
101 _aENCIK
245 _aLIFE AS A GEOLOGICAL FORCE DYNAMICS OF THE EARTH
_cWESTBROEK.P
942 _2udc
_cBK
999 _c60282
_d60282